INFORME FINAL DEL EJERCICIO PROFESIONAL SUPERVISADO REALIZADO EN LA EMPRESA SERVICIOS PARA LA SALUD COMUNITARIA SECOSA, S.A./ (Registro nro. 1235)

Detalles MARC
000 -LEADER
campo de control de longitud fija 03334nam a22003257a 4500
001 - NÚMERO DE CONTROL
campo de control EPSCPA 0006
003 - IDENTIFICADOR DE NÚMERO DE CONTROL
campo de control gtcocun
005 - FECHA Y HORA DE LA ÚLTIMA TRANSACCIÓN
campo de control 20250820182059.0
006 - CÓDIGOS DE INFORMACIÓN DE LONGITUD FIJA--CARACTERÍSTICAS DEL MATERIAL ADICIONAL
campo de control de longitud fija a||||gr|||| 00| 0
007 - CAMPO FIJO DE DESCRIPCIÓN FÍSICA--INFORMACIÓN GENERAL
campo de control de longitud fija ta
008 - DATOS DE LONGITUD FIJA--INFORMACIÓN GENERAL
campo de control de longitud fija 250820b2015 gt ||||| m||| 00| 0 eng d
040 ## - FUENTE DE CATALOGACIÓN
Centro catalogador/agencia de origen gtcocun
Lengua de catalogación SPA
Centro/agencia transcriptor gtcocun
Normas de descripción RDA
041 ## - CÓDIGO DE IDIOMA
Código de lengua del texto/banda sonora o título independiente SPA EPSCPA 0006
084 ## - OTRO NÚMERO DE CLASIFICACIÓN
Número de control del registro de autoridad o número normalizado EPSCPA 0006
100 ## - ENTRADA PRINCIPAL--NOMBRE DE PERSONA
Nombre de persona Cabrera Pop, Marvin Edmundo
Término indicativo de función/relación Autor
245 ## - MENCIÓN DEL TÍTULO
Título INFORME FINAL DEL EJERCICIO PROFESIONAL SUPERVISADO REALIZADO EN LA EMPRESA SERVICIOS PARA LA SALUD COMUNITARIA SECOSA, S.A./
Mención de responsabilidad, etc. Marvin Edmundo Cabrera Pop.
Medio Impreso
264 ## - PRODUCCIÓN, PUBLICACIÓN, DISTRIBUCIÓN, FABRICACIÓN Y COPYRIGHT
Producción, publicación, distribución, fabricación y copyright Cobán, Alta Verapaz:
Nombre del de productor, editor, distribuidor, fabricante Universidad de San Carlos de Guatemala, Centro Universitario del Norte, Carrera de Contaduría Pública y Auditoría
Fecha de producción, publicación, distribución, fabricación o copyright 2015
300 ## - DESCRIPCIÓN FÍSICA
Extensión 97 p.:
Otras características físicas Ilustraciones, gráficas.
Dimensiones 28 cm;
336 ## - TIPO DE CONTENIDO
Fuente rdacontenido
Término de tipo de contenido Texto
Código de tipo de contenido txt
337 ## - TIPO DE MEDIO
Fuente rdamedio
Nombre/término del tipo de medio Computadora
Código del tipo de medio n
338 ## - TIPO DE SOPORTE
Fuente rdasoporte
Nombre/término del tipo de soporte Código en línea
Código del tipo de soporte cr
502 ## - NOTA DE TESIS
identificador de la tesis EPSCPA 0006
502 ## - NOTA DE TESIS
Nota de tesis Tesis de grado
Tipo de título Carrera de Contaduría Pública y Auditoría,
Nombre de la institución que otorga el título Universidad de San Carlos de Guatemala, Centro Universitario del Norte, Carrera de Contaduría Pública y Auditoría
Año de obtención del título 2015
Identificador de la tesis EPSCPA 0006
520 14 - RESUMEN, ETC.
Sumario, etc. La práctica del Ejercicio Profesional Supervisado se realizó en la SERVICIOS PARA LA SALUD COMUNITARIA SECOSA, S.A. Como primera fase se elaboró el diagnóstico para identificar situaciones que representaban una deficiencia para la empresa, entre estos: la Incorrecta utilización de cuentas contables en los registros de la empresa SECOSA, S.A.; Riesgo elevado de pérdida de la Información en el Proceso, documentación y resultado del sistema contable por usuarios internos de la empresa; Deficiencia en el control Interno de la bodega de suministros, Desconocimiento del costo incurrido en la elaboración de platillos de Alimentación de la empresa SECOSA, S.A; Inexistencia de procedimientos y políticas para dejar registrado los movimientos Contables.<br/><br/>En la segunda fase describe el plan general para las cinco situaciones encontradas, en el primer hallazgo se procede a trazar actividades para realizar una Auditoria a los Estados financieros por el año finalizado 2014, en la segunda una Auditoria en Informática, la tercer diseñar e implementar formatos de control interno, la cuarta es determinar los costos y precios de venta de los servicios de la empresa y la quinta es la elaboración de un manual de normas, procedimientos y políticas contables.<br/><br/>En la última etapa se ejecutan todas las actividades fijadas en el plan en donde se obtuvieron resultados como: la actualización del reglamento de caja, elaboración de normativo para el uso adecuado, correcto y eficaz de los equipos de cómputo para la empresa, estandarización y diseño de formatos de control interno para la empresa, determinación de los precios de ventas de los servicios que oferta la empresa y elaboración de manual de normas, procedimientos y políticas contables.<br/>
650 14 - PUNTO DE ACCESO ADICIONAL DE MATERIA--TÉRMINO DE MATERIA
Fuente del encabezamiento o término LEMB
Término de materia o nombre geográfico como elemento de entrada Cobán, Alta Verapaz
Subdivisión general Auditoría
-- Cuentas contables
-- Riesgo elevado de pérdida de la información
-- Auditoría de estados financieros
-- Manual
-- Políticas contables
700 ## - ENTRADA AGREGADA--NOMBRE PERSONAL
Término indicativo de función/relación Asesor
856 ## - LOCALIZACIÓN Y ACCESO ELECTRÓNICOS
Identificador Uniforme de Recurso <a href="Sin archivo en línea ">Sin archivo en línea </a>
Nota pública Sin archivo en línea
942 ## - ELEMENTOS DE ENTRADA SECUNDARIOS (KOHA)
Fuente de la clasificación o esquema de estantería Clasificación Decimal Dewey
Tipo de ítem Koha TESIS
Parte de la signatura que identifica el ejemplar (Parte del ítem) EPSCPA 0006
Prefijo de la signatura Clasificación
Suprimir en OPAC No
-- EPSCPA_0006_000000000000000
Existencias
Estatus retirado Estado de pérdida Fuente de la clasificación o esquema de estantería Estado de daño No para préstamo Colección Biblioteca de origen Biblioteca actual Ubicación en estantería Fecha de adquisición Número de inventario Total de préstamos Signatura topográfica completa Código de barras Visto por última vez Precio de reemplazo Tipo de ítem Koha
    Clasificación Decimal Dewey     tesis BIBLIOTECA- CUNOR -JOSÉ LUIS GONZALES ROSALES BIBLIOTECA- CUNOR -JOSÉ LUIS GONZALES ROSALES Colección tesis 20/08/2025 EPSCPA 0006   EPSCPA 0006 EPSCPA 0006 20/08/2025 20/08/2025 TESIS